000 00630nam a2200217Ia 4500
005 20241129110130.0
008 241129s9999||||xx |||||||||||||| ||und||
020 _a978-977-350-739-8
037 _aTB
040 _aARTS
_beng
_cARTS
041 _aeng
_2eng
084 _aS1:5 28Q7
_qARTS
100 _aShanavi Aqeeh Abdah Au.
_9727323
245 0 _aFun al-tabeer al-mujassim latafl al-rozah
_cShanavi Aqeeh Abdah Au.
260 _aCairo, Egypt
_bDarul kitab al-hadees
_c2018
300 _a142p.
365 _aINR
_b528
650 _aPsychologyChild
_9727324
942 _cTB
_hS1:5 28Q7
999 _c1227426
_d1227426